| 000 | 01474cam a2200361 a 4500 | ||
|---|---|---|---|
| 999 |
_c478538 _d478538 |
||
| 001 | 13859562 | ||
| 003 | NUST | ||
| 005 | 20180601074733.0 | ||
| 008 | 050202s2006 njua b 001 0 eng | ||
| 010 | _a 2005003083 | ||
| 020 | _a9780471700586 (cloth : alk. paper) | ||
| 020 | _a0471700584 (cloth : alk. paper) | ||
| 038 | _aSNS Library | ||
| 040 |
_aDLC _cDLC _dDLC |
||
| 041 | 1 |
_aeng _hrus |
|
| 050 | 0 | 0 |
_aQD553 _b.B23 2006 |
| 082 | 0 | 0 |
_a541.37 _222 |
| 100 | 1 |
_aBagot︠s︡kiĭ, V. S. _q(Vladimir Sergeevich) _910795 |
|
| 245 | 1 | 0 |
_aFundamentals of electrochemistry / _cV.S. Bagotsky. |
| 250 | _a2nd ed. | ||
| 260 |
_aHoboken, N.J. : _bWiley-Interscience, _cc2006. |
||
| 300 |
_axxviii, 722 p. : _bill. ; _c25 cm. |
||
| 440 | 4 |
_aThe Electrochemical Society series _910796 |
|
| 500 | _aSome chapters translated from Russian by Klaus Müller. | ||
| 504 | _aIncludes bibliographical references (p. 709-710) and indexes. | ||
| 650 | 0 |
_aElectrochemistry. _910797 |
|
| 856 | 4 | 1 |
_3Table of contents only _uhttp://www.loc.gov/catdir/toc/ecip057/2005003083.html |
| 856 | 4 | 2 |
_3Publisher description _uhttp://www.loc.gov/catdir/enhancements/fy0621/2005003083-d.html |
| 856 | 4 | 2 |
_3Contributor biographical information _uhttp://www.loc.gov/catdir/enhancements/fy0653/2005003083-b.html |
| 906 |
_a7 _bcbc _corignew _d1 _eecip _f20 _gy-gencatlg |
||
| 942 |
_2ddc _cBK |
||